| 000 | 00466nam a2200181Ia 4500 | ||
|---|---|---|---|
| 001 | 8779 | ||
| 008 | 140325s9999 xx 000 0 und d | ||
| 020 | _a0-06-017044-1 | ||
| 040 | _cPK-LaUMT | ||
| 082 |
_a 613.2 _bHAA-E |
||
| 100 | _aHaas, Robert | ||
| 245 |
_aEat smart, think smart : How to use nutrients and supplement _cHaas, Robert |
||
| 260 | _c1994 | ||
| 300 | _a219 p. | ||
| 546 | _aEN | ||
| 650 | _aMental efficiency-Nutritional aspects | ||
| 942 | _cBK | ||
| 999 |
_c10031 _d10031 |
||